000 01111cad a22001935a 4500
001 L157753
008 130430s2013 xxk f 000 0 eng d
035 _a(Sirsi) u157753
041 0 _aeng
110 2 _aUnited Kingdom
_kLaws, etc.
_95044
245 0 0 _aGrowth and Infrastructure Act 2013
_h[electronic resource]
260 _aLondon
_bLegislation.gov.uk
_c2013
520 _aIntroduces a series of practical measures to reduce red tape. These include the removal of a regulatory barrier to a £160m investment programme in the gas network; more flexibility with Section 106 agreements that could allow up to 75 000 homes which are currently stalled to be built. Also the reform of permitted development household rights will make the building of uncontentious, small-scale extensions easier while sure adjoining neighbours are consulted when the new rights are used.
590 _aKA
651 4 _aUnited Kingdom
690 _aInfrastructure
_96246
856 4 0 _uhttps://www.legislation.gov.uk/ukpga/2013/27/pdfs/ukpga_20130027_en.pdf
_zView the item free of charge at www.legislation.gov.uk
942 _n0
999 _c114952
_d114952